An economy of violence in early modern France : crime ahd Justice in the Haute Auvergne, 1587-1664

Αποθηκεύτηκε σε:
Λεπτομέρειες βιβλιογραφικής εγγραφής
Κύριος συγγραφέας: Greenshields, Malcolm R.
Μορφή: Βιβλίο
Γλώσσα:English
Δημοσίευση: Pennsylvania : 1994
Θέματα:
Ετικέτες: Προσθήκη ετικέτας
Δεν υπάρχουν, Καταχωρήστε ετικέτα πρώτοι!

MARC

LEADER 00000cam a2200000 i 4500
001 1/98196
008 000117s1994 eng d
020 |a 0-271-01009-6 
035 |l 10056425 
040 |a GR-MY-UA  |b gre  |e aacr 
041 0 |a eng 
082 0 |a 364.15094459 
100 1 |a Greenshields, Malcolm R. 
245 1 3 |a An economy of violence in early modern France :  |b crime ahd Justice in the Haute Auvergne, 1587-1664 /  |c Malcolm Greenshields 
260 |a Pennsylvania :   |c 1994 
300 |a 262p. 
504 |a Incudes bibliographical references and index 
650 0 0 |a Violent crimes  |z France  |z Auvergne  |x History  |y 16th century. 
650 0 0 |a Voilent crimes  |z France  |z Auvergne  |x History  |y 17th century. 
650 0 0 |a Violence  |z France  |z Auvergne  |x History  |y 16th century. 
650 0 0 |a Violence  |z France  |z Auvergne  |x History  |y 17th century. 
852 |a INST  |b LESVOS  |e 20000117  |h 364.15094459 GRE  |p 005100022580  |q 005100022580  |t BK  |y 0 
901 |a BIBL1-2000-1 
909 |a Λ  |b 066554 
970 |a ΚΑΜΑΤΣΟΥ  |b ΔΕΣΠΟΙΝΑ  |z 2000/01/17